000 00537nam a2200181 4500
999 _c4795
_d4795
003 GBCCL
005 20241126110527.0
008 180207b ||||| |||| 00| 0 eng d
020 _a9789385756061
040 _cgbc
082 _a320.095416
_bKAR
100 _aKarbak, Gomo
_98751
245 _aDynamics of tribal polity in North east India /
_bGomo Karbak and Rejir Karlo
260 _aDelhi :
_bBalaji publications
_c2017.
300 _a276p.
650 _aTribal polity
_vNorth east India
_zArunachal Pradesh
_98752
942 _2ddc
_cBK
_02